000
00248nam a2200109Ia 4500
008
240521s1999 xx 000 0 und d
041
_a
eng
100
_a
BUDHANANDA S
245
_a
WILL- POWER & ITS DEVELOPMENT
260
_c
1999
300
_a
536
999
_c
1163384
_d
1163384